| 000 | 01255nam a22003497a 4500 | ||
|---|---|---|---|
| 003 | CHAP | ||
| 005 | 20220329143614.0 | ||
| 008 | 100902s2007 mx r 00010 spa d | ||
| 010 | _a99179 | ||
| 011 | _a100151 | ||
| 035 | _a110837 | ||
| 040 | _cCHAP | ||
| 090 | _aTesis | ||
| 100 | 1 |
_aGutiérrez Islas, Emma. _951734 |
|
| 245 | 1 | 0 |
_aDiabetes mellitus, control terapeutico con medicina alternativa e integrativa _c/por Emma Gutiérrez Islas |
| 260 |
_aChapingo, Méx. : _bEl autor, _c2007. |
||
| 300 |
_axi, 105 h. : _banexos, ilus. |
||
| 502 | _aTesis (Diplomado en Medicina Natural e Integral) -- UACH. Centro de Educación Continua | ||
| 590 |
_aALEPH _b10 _c20130110 _lUCH01 _h1535 |
||
| 590 |
_aBATCH-UPD _b10 _c20130110 _lUCH01 _h1709 |
||
| 590 |
_aBATCH-UPD _b10 _c20130410 _lUCH01 _h1055 |
||
| 590 |
_aBATCH-UPD _b10 _c20130914 _lUCH01 _h1159 |
||
| 590 |
_aCONVERSION _b10 _c20130109 _lUCH01 _h1355 |
||
| 650 | 1 | 4 |
_aDiabetes. _932381 |
| 650 | 1 | 4 |
_aEnfermedades. _936931 |
| 650 | 1 | 4 |
_aMedicina alternativa. _973914 |
| 650 | 1 | 4 |
_aNaturalistas. _980415 |
| 901 | _aBK | ||
| 942 | _cFOLL | ||
| 949 |
_aTesis _bBC _cTES _d33724002074686 _eTS1 _gDonaciØn _h51026 _i110837 _sb |
||
| 949 |
_aTesis _bBC _cTES _d33724002074728 _eTS2 _fc.2 _gDonaciØn _h51027 _i110837 _sb |
||
| 999 |
_c99179 _d99179 |
||